| 000 -LEADER |
| fixed length control field |
00716pam a2200241 a 4500 |
| 001 - CONTROL NUMBER |
| control field |
016575576 |
| 003 - CONTROL NUMBER IDENTIFIER |
| control field |
UkOxU |
| 005 - DATE AND TIME OF LATEST TRANSACTION |
| control field |
20221227164453.0 |
| 008 - FIXED-LENGTH DATA ELEMENTS--GENERAL INFORMATION |
| fixed length control field |
040119r20041988enka j 000 1 eng d |
| 015 ## - NATIONAL BIBLIOGRAPHY NUMBER |
| National bibliography number |
GB A4-8310 |
| 020 ## - INTERNATIONAL STANDARD BOOK NUMBER |
| International Standard Book Number |
9780141316406 |
| 035 ## - SYSTEM CONTROL NUMBER |
| System control number |
BNB2776.543 |
| 040 ## - CATALOGING SOURCE |
| Original cataloging agency |
ED/N-1 |
| Transcribing agency |
OFX |
| Modifying agency |
KH8 |
| 082 ## - DEWEY DECIMAL CLASSIFICATION NUMBER |
| Classification number |
FIC KIN |
| 100 1# - MAIN ENTRY--PERSONAL NAME |
| Personal name |
King-Smith, Dick. |
| Relator term |
AUTHOR |
| 245 10 - TITLE STATEMENT |
| Title |
George speaks / |
| Statement of responsibility, etc. |
Dick King-Smith ; illustrated by Ann Kronheimer. |
| 260 ## - PUBLICATION, DISTRIBUTION, ETC. |
| Place of publication, distribution, etc. |
London : |
| Name of publisher, distributor, etc. |
Puffin, |
| Date of publication, distribution, etc. |
2004. |
| 300 ## - PHYSICAL DESCRIPTION |
| Extent |
90 p. : |
| Other physical details |
ill. ; |
| Dimensions |
20 cm. |
| 500 ## - GENERAL NOTE |
| General note |
Originally published: London : Viking, 1988. |
| 700 1# - ADDED ENTRY--PERSONAL NAME |
| Personal name |
Kronheimer, Ann. |
| Relator term |
ILLUSTRATOR |
| 942 ## - ADDED ENTRY ELEMENTS (KOHA) |
| Source of classification or shelving scheme |
|
| Koha item type |
Books - Fiction |